[Event "World Senior Teams +50"]
[Site "Radebeul GER"]
[Date "2016.06.28"]
[Round "3.4"]
[Board "1"]
[White "Vaganian, Rafael A"]
[Black "Heidrich, Manfred"]
[Result "1/2-1/2"]
[WhiteTitle "GM"]
[BlackTitle "FM"]
[WhiteElo "2577"]
[BlackElo "2339"]
[WhiteTeam "Armenia"]
[BlackTeam "SC Forchheim e.V."]
[WhiteFideId "13300016"]
[BlackFideId "4602722"]
[EventDate "2016.06.26"]

1. Nf3 c5 2. c4 Nf6 3. Nc3 Nc6 4. e3 e6 5. d4 d5 6. cxd5 exd5 7. Bb5 Bd6 8. dxc5
Bxc5 9. O-O O-O 10. b3 a6 11. Bxc6 bxc6 12. Bb2 Bg4 13. Ne2 Ne4 14. Ne5 Bxe2 15.
Qxe2 Qd6 16. Rac1 f6 17. Nf3 Rfc8 18. Rc2 a5 19. Rfc1 Bb6 20. Nh4 Qd7 21. Qf3
Ra7 22. Qf5 c5 23. f3 Ng5 24. Rd1 Qxf5 25. Nxf5 Rd8 26. Rcd2 a4 27. Rxd5 Rxd5
28. Rxd5 axb3 29. axb3 Ra2 30. Rd2 Ba5 31. Rc2 Bb4 32. Nd6 Nf7 33. Nc4 Ne5 34.
Nxe5 fxe5 35. Rf2 Be1 36. Rf1 Rxb2 37. Rxe1 Rxb3 38. Rc1 Rxe3 39. Rxc5 Kf7 40.
Kf2 Ra3 41. Rxe5 Kf6 42. Rb5 Ra2+ 43. Kg3 g6 44. Rb3 Ra4 45. Rb6+ Kf5 46. Rb7 h5
47. Rf7+ Kg5 48. f4+ Kh6 49. Re7 Rb4 50. h3 Ra4 51. Kf3 Ra3+ 52. Re3 Ra7 53. Kg3
Ra4 54. Rd3 Rb4 55. Rd7 Ra4 56. Kf3 Ra3+ 57. Kf2 Ra2+ 58. Kf3 Ra3+ 59. Ke2 Ra2+
60. Rd2 Ra7 61. Rd3 Kg7 62. Kf3 Rb7 63. g4 hxg4+ 64. hxg4 Ra7 65. Rd5 Rb7 66.
Kg3 Rf7 67. Ra5 Rb7 68. Kh4 Rc7 69. Ra6 Rc5 70. Ra7+ Kg8 71. Kg3 Rc3+ 72. Kf2
Rb3 73. Re7 Kf8 74. Re3 Rb4 75. Kf3 Kf7 76. Rd3 Ra4 77. Rd5 Kg7 78. Ke3 Rb4 79.
Rd7+ Kg8 80. Rd4 Rb1 81. Ke4 Re1+ 82. Kd5 Rg1 83. g5 Kf7 84. Kd6 Ra1 85. Rd5 Rf1
86. Ke5 Re1+ 87. Kd4 Rd1+ 88. Ke4 Re1+ 89. Kf3 Rf1+ 90. Kg3 Rg1+ 91. Kf2 Ra1 92.
Rd7+ Kf8 93. Kf3 Ra4 94. Ke3 Rb4 95. Rd4 Rb1 96. Rd6 Kf7 97. Rd7+ Kf8 98. Ke4
Re1+ 99. Kd5 Re2 100. Rd6 Kf7 101. Rf6+ Kg7 102. Re6 Rd2+ 103. Ke5 Re2+ 104. Kd6
Rd2+ 1/2-1/2

[Event "World Senior Teams +50"]
[Site "Radebeul GER"]
[Date "2016.06.28"]
[Round "3.4"]
[Board "2"]
[White "Bartsch, Berthold"]
[Black "Anastasian, Ashot"]
[Result "0-1"]
[WhiteTitle "FM"]
[BlackTitle "GM"]
[WhiteElo "2270"]
[BlackElo "2532"]
[WhiteTeam "SC Forchheim e.V."]
[BlackTeam "Armenia"]
[WhiteFideId "4604660"]
[BlackFideId "13300059"]
[EventDate "2016.06.26"]

1. Nc3 c5 2. e4 Nc6 3. g3 g6 4. Bg2 Bg7 5. d3 e5 6. Be3 d6 7. Qd2 Nge7 8. Bh6
O-O 9. Bxg7 Kxg7 10. f4 exf4 11. gxf4 d5 12. O-O-O dxe4 13. dxe4 Nd4 14. Nd5
Nxd5 15. exd5 Bf5 16. c3 Nb3+ 17. axb3 Qa5 18. Qf2 Rfe8 19. Ne2 Qa1+ 20. Kd2
Qxb2+ 21. Ke1 Bg4 0-1

[Event "World Senior Teams +50"]
[Site "Radebeul GER"]
[Date "2016.06.28"]
[Round "3.4"]
[Board "3"]
[White "Movsziszian, Karen"]
[Black "Seyb, Dieter"]
[Result "1-0"]
[WhiteTitle "GM"]
[BlackTitle "FM"]
[WhiteElo "2488"]
[BlackElo "2265"]
[WhiteTeam "Armenia"]
[BlackTeam "SC Forchheim e.V."]
[WhiteFideId "13301152"]
[BlackFideId "4603346"]
[EventDate "2016.06.26"]

1. e4 e5 2. Nc3 Nf6 3. g3 d5 4. exd5 Nxd5 5. Bg2 Nxc3 6. bxc3 Bd6 7. d3 O-O 8.
Nf3 Nc6 9. O-O Re8 10. Rb1 h6 11. Nd2 Qd7 12. Ne4 Bf8 13. c4 Rb8 14. Be3 b6 15.
f4 f5 16. Nc3 Bb7 17. Bd5+ Kh8 18. Qh5 Nb4 19. Bxb7 Nxc2 20. Qf3 Nxe3 21. Bc6
Qd6 22. Qxe3 Qxc6 23. fxe5 Rbd8 24. Ne2 Qc5 25. d4 Qxc4 26. Rbc1 Qf7 27. Rc6 Qd7
28. Qf3 Re6 29. Rfc1 Rxc6 30. Rxc6 Re8 31. Kg2 Kg8 32. Qb3+ Kh8 33. Qb5 Rd8 34.
e6 Qe8 35. d5 Bd6 36. Qd3 Qh5 37. Nd4 f4 38. Nf5 fxg3 39. hxg3 Qg6 40. Qe4 Qf6
41. Nxd6 cxd6 42. Qf4 Qe7 43. Qh4 Qxh4 44. gxh4 h5 1-0

[Event "World Senior Teams +50"]
[Site "Radebeul GER"]
[Date "2016.06.28"]
[Round "3.4"]
[Board "4"]
[White "Kannenberg, Karl-Heinz"]
[Black "Kalantaryan, Norayr"]
[Result "0-1"]
[BlackTitle "IM"]
[WhiteElo "2236"]
[BlackElo "2378"]
[WhiteTeam "SC Forchheim e.V."]
[BlackTeam "Armenia"]
[WhiteFideId "4643348"]
[BlackFideId "13300300"]
[EventDate "2016.06.26"]

1. d4 Nc6 2. Nf3 d6 3. e3 e5 4. Be2 Nf6 5. O-O Be7 6. c4 O-O 7. Nc3 h6 8. Qc2
exd4 9. exd4 d5 10. c5 Re8 11. Bb5 Bf8 12. Bf4 Bd7 13. Bxc6 Bxc6 14. Ne5 Bd7 15.
Nxd7 Qxd7 16. Rfe1 c6 17. h3 Ne4 18. Rad1 Nxc3 19. Qxc3 Re4 20. Rxe4 dxe4 21.
Qc4 Rd8 22. b4 a6 23. a4 Qd5 24. Qxd5 Rxd5 25. Kf1 f5 26. Ke2 Kf7 27. Ke3 Ke6
28. Rb1 Rd7 29. b5 axb5 30. axb5 g5 31. Be5 Kd5 32. bxc6 bxc6 33. Ra1 Bg7 34.
Bxg7 Rxg7 35. Ra4 Rb7 36. g3 Rb3+ 37. Ke2 f4 38. gxf4 gxf4 39. Ra8 Kxd4 40. h4
f3+ 41. Kd2 Rb2+ 42. Ke1 Kc3 0-1

[Event "World Senior Teams +50"]
[Site "Radebeul GER"]
[Date "2016.06.28"]
[Round "3.5"]
[Board "1"]
[White "Clara, Hans-Joachim"]
[Black "Jussupow, Artur"]
[Result "1/2-1/2"]
[WhiteTitle "FM"]
[BlackTitle "GM"]
[WhiteElo "2320"]
[BlackElo "2596"]
[WhiteTeam "Hessische Seniorenmannschaft"]
[BlackTeam "Emanuel-Lasker-Gesellschaft"]
[WhiteFideId "4600380"]
[BlackFideId "4618777"]
[EventDate "2016.06.26"]

1. Nf3 d5 2. c4 e6 3. d4 c6 4. Qc2 Nf6 5. g3 Be7 6. Bg2 O-O 7. O-O b6 8. Nbd2
Bb7 9. e4 Na6 10. a3 c5 11. exd5 exd5 12. Rd1 Rc8 13. dxc5 Nxc5 14. b4 Ne6 15.
Bb2 dxc4 16. Nxc4 Qc7 17. Rac1 b5 18. Ne3 Qxc2 19. Nxc2 1/2-1/2

[Event "World Senior Teams +50"]
[Site "Radebeul GER"]
[Date "2016.06.28"]
[Round "3.5"]
[Board "2"]
[White "Meister, Jakob"]
[Black "Nehmert, Ulrich"]
[Result "1-0"]
[WhiteTitle "GM"]
[BlackTitle "FM"]
[WhiteElo "2456"]
[BlackElo "2324"]
[WhiteTeam "Emanuel-Lasker-Gesellschaft"]
[BlackTeam "Hessische Seniorenmannschaft"]
[WhiteFideId "4102541"]
[BlackFideId "4600681"]
[EventDate "2016.06.26"]

1. c4 Nf6 2. Nc3 d5 3. cxd5 Nxd5 4. Nf3 Nxc3 5. bxc3 g6 6. h4 h6 7. d4 c5 8. Bf4
cxd4 9. cxd4 Nc6 10. e4 e5 11. dxe5 Bb4+ 12. Bd2 Bc5 13. Bc4 Bg4 14. Bc3 O-O 15.
Qxd8 Raxd8 16. Rb1 b6 17. Bd5 Ne7 18. Nh2 Bc8 19. Bc4 a6 20. O-O b5 21. Bb3 Nc6
22. Bd5 Nd4 23. Ba5 Rde8 24. Bc7 Re7 25. Bd6 Bxd6 26. exd6 Rd7 27. e5 Ne2+ 28.
Kh1 Nc3 29. Bc6 Nxb1 30. Bxd7 Nd2 31. Bxc8 Nxf1 32. Bxa6 Nxh2 33. Kxh2 Rb8 34.
d7 Kf8 35. Bxb5 Ke7 36. a4 g5 37. Kg3 Ke6 38. f4 Rg8 39. fxg5 hxg5 40. h5 Kxe5
41. h6 f5 42. a5 g4 43. a6 f4+ 44. Kf2 Kd5 45. a7 g3+ 1-0

[Event "World Senior Teams +50"]
[Site "Radebeul GER"]
[Date "2016.06.28"]
[Round "3.5"]
[Board "3"]
[White "Bosbach, Gerhard"]
[Black "Koehler, Gerhard2"]
[Result "1/2-1/2"]
[WhiteElo "2217"]
[BlackElo "2201"]
[WhiteTeam "Hessische Seniorenmannschaft"]
[BlackTeam "Emanuel-Lasker-Gesellschaft"]
[WhiteFideId "4605063"]
[BlackFideId "12909700"]
[EventDate "2016.06.26"]

1. c4 Nf6 2. g3 g6 3. Bg2 Bg7 4. Nf3 O-O 5. O-O d6 6. Nc3 c6 7. d4 Nbd7 8. e4
Qc7 9. h3 e5 10. Be3 Re8 11. Qc2 exd4 12. Nxd4 Nc5 13. b4 Ne6 14. Rad1 Nxd4 15.
Bxd4 Be6 16. Na4 Nd7 17. Bxg7 Kxg7 18. f4 f6 19. Rf2 Red8 20. a3 Nb6 21. Nxb6
Qxb6 22. Bf1 Qe3 23. Kh2 Qxa3 24. Rfd2 Qxb4 25. Rb1 Qc5 26. Rxb7+ Bf7 27. Qb2 a5
28. g4 g5 29. e5 dxe5 30. fxg5 fxg5 31. Rf2 Rf8 32. Rfxf7+ Rxf7 33. Rxf7+ Kxf7
34. Qb7+ Kf6 35. Qxa8 Qf2+ 36. Bg2 Qf4+ 37. Kh1 Qc1+ 1/2-1/2

[Event "World Senior Teams +50"]
[Site "Radebeul GER"]
[Date "2016.06.28"]
[Round "3.5"]
[Board "4"]
[White "Paehtz, Thomas"]
[Black "Kargoll, Herbert"]
[Result "1/2-1/2"]
[WhiteTitle "GM"]
[WhiteElo "2361"]
[BlackElo "2185"]
[WhiteTeam "Emanuel-Lasker-Gesellschaft"]
[BlackTeam "Hessische Seniorenmannschaft"]
[WhiteFideId "4611349"]
[BlackFideId "4636007"]
[EventDate "2016.06.26"]

1. e4 e5 2. Bc4 Nf6 3. d3 Nc6 4. Nf3 Be7 5. O-O d6 6. a4 Bg4 7. c3 O-O 8. a5 a6
9. Nbd2 Qd7 10. Re1 Be6 11. Qb3 Nh5 12. d4 Bxc4 13. Nxc4 Bf6 14. dxe5 Bxe5 15.
Ncxe5 dxe5 16. Rd1 Qc8 17. Be3 h6 18. Nd2 Rd8 19. f3 Rd6 20. Nf1 Rxd1 21. Qxd1
Qe6 22. Qd5 Re8 23. Qxe6 Rxe6 24. g3 Rd6 25. Kf2 Kh7 26. Nd2 g6 27. Nc4 Rd7 28.
Ke2 f5 29. Ra3 fxe4 30. fxe4 Nf6 31. Rb3 Nd8 32. Nd2 Ng4 33. Bg1 Nf6 34. Rb4 Kg7
35. Nb3 Nc6 36. Ra4 Rd8 37. Nc5 Re8 38. b3 Nd8 39. Rb4 Re7 40. c4 c6 41. Rb6 Kf7
42. b4 1/2-1/2

[Event "World Senior Teams +50"]
[Site "Radebeul GER"]
[Date "2016.06.28"]
[Round "3.6"]
[Board "1"]
[White "Boensch, Uwe"]
[Black "Buchal, Stephan"]
[Result "1/2-1/2"]
[WhiteTitle "GM"]
[BlackTitle "FM"]
[WhiteElo "2545"]
[BlackElo "2338"]
[WhiteTeam "Germany 1"]
[BlackTeam "Werder/BSG Bremen"]
[WhiteFideId "4611268"]
[BlackFideId "4603915"]
[EventDate "2016.06.26"]

1. d4 g6 2. c4 Bg7 3. e4 d6 4. f3 Nc6 5. Ne2 Nf6 6. d5 Ne5 7. Nec3 c6 8. Be3 O-O
9. Be2 a6 10. a4 a5 11. O-O Qc7 12. Nd2 e6 13. Rc1 Re8 14. Kh1 Qe7 15. dxc6 bxc6
16. c5 dxc5 17. f4 Ned7 18. Qe1 Nd5 19. Bg1 Nxc3 20. bxc3 Nb6 1/2-1/2

[Event "World Senior Teams +50"]
[Site "Radebeul GER"]
[Date "2016.06.28"]
[Round "3.6"]
[Board "3"]
[White "Volke, Karsten"]
[Black "Franke, Reiner"]
[Result "1/2-1/2"]
[WhiteTitle "IM"]
[WhiteElo "2478"]
[BlackElo "2274"]
[WhiteTeam "Germany 1"]
[BlackTeam "Werder/BSG Bremen"]
[WhiteFideId "4611411"]
[BlackFideId "4603680"]
[EventDate "2016.06.26"]

1. d4 Nf6 2. c4 c5 3. d5 e6 4. Nc3 exd5 5. cxd5 d6 6. e4 g6 7. f4 Bg7 8. Bb5+
Nfd7 9. Nf3 a6 10. Bd3 b5 11. O-O O-O 12. Kh1 Re8 13. f5 b4 14. Ne2 Nf6 15. Ng3
Nbd7 16. Bg5 a5 17. Qd2 Ba6 18. Bxa6 Rxa6 19. Qf4 Qe7 20. Rae1 Qf8 21. Nd2 h6
22. Bxf6 Bxf6 23. fxg6 fxg6 24. e5 Rxe5 25. Rxe5 Bxe5 26. Qg4 Nf6 27. Qxg6+ Qg7
28. Qf5 Ra8 29. Nc4 Re8 30. Nxe5 Rxe5 31. Qxf6 Qxf6 32. Rxf6 Rxd5 33. Kg1 Rd2
34. Rf2 Rd1+ 35. Nf1 c4 36. Rd2 Ra1 37. Rxd6 Rxa2 38. Rd2 a4 39. Ne3 c3 40. Rd8+
Kh7 41. bxc3 Re2 42. Rd7+ Kg8 43. Nd1 b3 44. Kf1 b2 45. Rb7 a3 46. Kxe2 a2 47.
Rxb2 a1=Q 48. c4 Qa5 49. Ne3 Qh5+ 50. Kd3 Qg6+ 51. Ke2 Qh5+ 52. Kd2 Qa5+ 53. Kc2
Qa4+ 54. Kd2 Qa5+ 55. Ke2 Qh5+ 1/2-1/2

[Event "World Senior Teams +50"]
[Site "Radebeul GER"]
[Date "2016.06.28"]
[Round "3.6"]
[Board "4"]
[White "Heinemann, Lars"]
[Black "Tischbierek, Raj"]
[Result "0-1"]
[BlackTitle "GM"]
[WhiteElo "2040"]
[BlackElo "2439"]
[WhiteTeam "Werder/BSG Bremen"]
[BlackTeam "Germany 1"]
[WhiteFideId "4630181"]
[BlackFideId "4611322"]
[EventDate "2016.06.26"]

1. Nc3 g6 2. e4 Bg7 3. f4 c5 4. Nf3 Nc6 5. Bb5 Nd4 6. a4 e6 7. O-O Ne7 8. Nxd4
cxd4 9. Ne2 O-O 10. c3 a6 11. Bd3 Nc6 12. Bc2 d5 13. d3 Bd7 14. Kh1 f5 15. Bd2
Rc8 16. e5 dxc3 17. Bxc3 Rf7 18. a5 Bf8 19. Qd2 Bc5 20. d4 Bf8 21. Nc1 Na7 22.
Bd3 Bb5 23. Ne2 Rfc7 24. Rfc1 Qd7 25. Kg1 Bc4 26. Bxc4 Rxc4 27. Kf2 Qb5 28. h3
Be7 29. g3 Kf7 30. Rh1 h6 31. Kg2 R4c7 32. Rhf1 Rc4 33. Rh1 Ra4 34. Kf2 Nc6 35.
Rhb1 Bd8 36. Rxa4 Qxa4 37. b4 Qb5 38. Ke3 Nxa5 0-1

[Event "World Senior Teams +50"]
[Site "Radebeul GER"]
[Date "2016.06.28"]
[Round "3.7"]
[Board "3"]
[White "Lauterbach, Ingrid"]
[Black "Ross, David"]
[Result "0-1"]
[WhiteTitle "WIM"]
[BlackTitle "IM"]
[WhiteElo "2107"]
[BlackElo "2296"]
[WhiteTeam "England 2"]
[BlackTeam "Canada"]
[WhiteFideId "405221"]
[BlackFideId "2600277"]
[EventDate "2016.06.26"]

1. Nf3 g6 2. g3 Bg7 3. Bg2 d6 4. O-O Nc6 5. d4 e5 6. dxe5 dxe5 7. Qxd8+ Nxd8 8.
Nc3 Bd7 9. Nd5 Rc8 10. Ng5 h6 11. Ne4 Ne6 12. c3 f5 13. Nd2 c6 14. Nb4 a5 15.
Nc2 Ra8 16. Nc4 Ra6 17. a4 Nd8 18. Be3 Nf7 19. Bb6 Be6 20. N2a3 Bf8 21. Be3 Nf6
22. f3 h5 23. Bf2 g5 24. f4 gxf4 25. gxf4 Rg8 26. Nxe5 Nxe5 27. fxe5 Bd5 28. Bg3
Bc5+ 29. Kh1 Ne4 30. Rxf5 Rxg3 31. hxg3 Nxg3+ 32. Kh2 Nxf5 33. e4 Bxa3 34. Rxa3
Rb6 35. b4 Ne3 36. exd5 cxd5 37. Bf3 Ng4+ 38. Kg3 axb4 39. cxb4 Rxb4 40. Bxd5
Ke7 41. a5 Nxe5 42. a6 Rg4+ 43. Kh3 bxa6 44. Rxa6 Ng6 45. Bf3 Nf4+ 46. Kh2 Rg5
47. Rh6 Kf7 48. Be4 Kg7 49. Rd6 h4 50. Bf3 Rg3 51. Be4 Re3 52. Bf5 Re2+ 53. Kg1
Re5 54. Bc8 Ng6 55. Kg2 Kh6 56. Kf3 Kg5 57. Rd1 Rc5 58. Rg1+ Kf6 59. Bg4 Ne5+
60. Ke3 Rc3+ 61. Kf2 Kg5 62. Be2+ Kf4 63. Rg8 Rc2 64. Rf8+ Ke4 65. Rh8 Nd3+ 66.
Kf1 Rc1+ 67. Kg2 Nf4+ 68. Kf2 Rc2 69. Rxh4 Rxe2+ 70. Kf1 Ra2 71. Rh8 Ke3 72.
Re8+ Kf3 73. Ke1 Ng2+ 74. Kd1 Ne3+ 75. Kc1 Ke2 76. Kb1 Rd2 77. Kc1 Rd4 78. Kb2
Kd3 79. Kb3 Nd5 80. Rd8 Rb4+ 81. Ka3 Rb5 82. Ka4 Rc5 83. Kb3 Kd4 84. Rh8 Rb5+
85. Kc2 Ne3+ 86. Kd2 Rb2+ 87. Ke1 Nd5 88. Rh4+ Kd3 89. Rh3+ Ne3 0-1

[Event "World Senior Teams +50"]
[Site "Radebeul GER"]
[Date "2016.06.28"]
[Round "3.7"]
[Board "4"]
[White "Ross, Paul"]
[Black "Page, Mark E"]
[Result "1/2-1/2"]
[WhiteTitle "FM"]
[WhiteElo "2282"]
[BlackElo "2080"]
[WhiteTeam "Canada"]
[BlackTeam "England 2"]
[WhiteFideId "2600420"]
[BlackFideId "417050"]
[EventDate "2016.06.26"]

1. d4 Nf6 2. c4 g6 3. Nc3 Bg7 4. e4 d6 5. f3 O-O 6. Be3 e5 7. d5 Nh5 8. Nge2 f5
9. Qd2 a6 10. O-O-O b5 11. c5 dxc5 12. Bxc5 Rf7 13. Ng3 Nd7 14. Bf2 Nf4 15. Qc2
Nb6 16. Kb1 Qd6 17. Nce2 Nc4 18. Nc1 Qb4 19. Nb3 Bf8 20. Rc1 fxe4 21. Nxe4 Bf5
22. g4 Bxe4 23. Qxe4 Qd6 24. Rxc4 bxc4 25. Bxc4 g5 26. Bc5 Qg6 27. d6 cxd6 28.
Rd1 d5 29. Rxd5 Nxd5 30. Qxg6+ hxg6 31. Bxd5 Bxc5 32. Nxc5 Kg7 33. Bxa8 Kf6 34.
Ne4+ Ke7 35. Nxg5 Rf8 36. Be4 Rh8 37. h3 Kf6 38. Bb7 Kxg5 39. Bxa6 e4 40. fxe4
Kf4 41. Bb7 Rxh3 42. a4 Rb3 43. Bd5 Rb4 44. b3 Kxg4 45. a5 Rb5 46. a6 Ra5 47.
Bb7 Kf4 48. Kb2 Ke5 49. b4 Ra4 50. Kb3 Ra1 51. Kb2 Ra4 52. Kc3 g5 53. Bc8 g4 54.
Bxg4 Rxa6 55. Bf5 Rc6+ 56. Kd3 Rc1 57. Kd2 Rc7 58. Kd3 Rc1 59. Kd2 Rc7 60. Kd3 1/2-1/2

[Event "World Senior Teams +50"]
[Site "Radebeul GER"]
[Date "2016.06.28"]
[Round "3.8"]
[Board "2"]
[White "Boehm, Martin"]
[Black "Hoehn, Michael"]
[Result "1-0"]
[WhiteElo "2234"]
[BlackElo "2069"]
[WhiteTeam "Post-SV Ulm"]
[BlackTeam "VSG 1880 Offenbach"]
[WhiteFideId "4608356"]
[BlackFideId "4622693"]
[EventDate "2016.06.26"]

1. Nf3 Nf6 2. c4 g6 3. g3 Bg7 4. Bg2 O-O 5. O-O c6 6. Nc3 d5 7. d4 Ne4 8. Qb3
dxc4 9. Qxc4 Be6 10. Qd3 Nxc3 11. bxc3 b5 12. a4 Bc4 13. Qc2 f5 14. Nd2 Bd5 15.
e4 fxe4 16. Nxe4 Nd7 17. Re1 e5 18. Ba3 exd4 19. Bxf8 Nxf8 20. axb5 cxb5 21.
cxd4 Ne6 22. Ra6 Nxd4 23. Qc5 Kh8 24. Nd6 1-0

[Event "World Senior Teams +50"]
[Site "Radebeul GER"]
[Date "2016.06.28"]
[Round "3.8"]
[Board "3"]
[White "Trumpp, Lothar"]
[Black "Pieper, Thomas"]
[Result "0-1"]
[WhiteElo "2037"]
[BlackElo "2226"]
[WhiteTeam "VSG 1880 Offenbach"]
[BlackTeam "Post-SV Ulm"]
[WhiteFideId "4673514"]
[BlackFideId "4606299"]
[EventDate "2016.06.26"]

1. e4 e5 2. Bc4 Nf6 3. d3 c6 4. Qe2 Be7 5. Nf3 O-O 6. O-O d6 7. h3 Kh8 8. a4 Ng8
9. d4 exd4 10. Nxd4 Bf6 11. c3 Nd7 12. Nd2 a5 13. Re1 Ne5 14. Bb3 b6 15. Bc2 Ba6
16. Qe3 Qc7 17. f4 Nd7 18. N2f3 Rae8 19. Nh2 g6 20. Qf3 Bg7 21. g4 Bb7 22. Bd2
Nc5 23. Re3 Ne6 24. Nxe6 fxe6 25. Qg3 c5 26. Bb3 d5 27. e5 Qc6 28. Rae1 b5 29.
Ra1 b4 30. Rc1 Qb6 31. cxb4 axb4 32. Ree1 c4+ 33. Be3 d4 34. Rxc4 dxe3 35. Qxe3
Qa5 36. Rc5 Qd8 37. Rd1 Qe7 38. Rd6 Qf7 39. Rd4 Ba8 40. Rxb4 Rb8 41. Qc3 Rxb4
42. Qxb4 Qa7 43. Bxe6 Rd8 44. Kf1 Bf8 45. Ra5 Qe3 46. Qb3 Bg2+ 0-1

[Event "World Senior Teams +50"]
[Site "Radebeul GER"]
[Date "2016.06.28"]
[Round "3.8"]
[Board "4"]
[White "Habel, Christof"]
[Black "Weiss, Matthias"]
[Result "1-0"]
[WhiteElo "2042"]
[BlackElo "2043"]
[WhiteTeam "Post-SV Ulm"]
[BlackTeam "VSG 1880 Offenbach"]
[WhiteFideId "24602540"]
[BlackFideId "4638190"]
[EventDate "2016.06.26"]

1. d4 Nf6 2. g3 g6 3. Bg2 Bg7 4. e4 d6 5. Ne2 O-O 6. Nbc3 Nbd7 7. h3 e5 8. Be3
Re8 9. d5 Nb6 10. b3 Bd7 11. a4 c6 12. Qd2 cxd5 13. exd5 h5 14. a5 Nc8 15. Bg5
Ne7 16. Bxf6 Bxf6 17. Ne4 Nf5 18. Qb4 Be7 19. O-O Qc7 20. c4 Rad8 21. Qd2 Kg7
22. f4 Bc8 23. g4 Nh4 24. gxh5 Nxg2 25. Kxg2 Rh8 26. N2g3 Qd7 27. f5 gxf5 28.
Nxf5+ Kf8 29. h6 Qc7 30. Kh2 Rd7 31. Ng7 Rd8 32. Qf2 f5 33. Nxf5 Bxf5 34. Qxf5+
Ke8 35. Qf7+ Kd7 36. Qe6+ Ke8 37. Nf6+ Kf8 38. Nh5+ Ke8 39. Ng7# 1-0

[Event "World Senior Teams +50"]
[Site "Radebeul GER"]
[Date "2016.06.28"]
[Round "3.9"]
[Board "1"]
[White "Nake, Matthias"]
[Black "Revuckij, Vladimir"]
[Result "1/2-1/2"]
[BlackTitle "IM"]
[WhiteElo "2217"]
[BlackElo "2401"]
[WhiteTeam "SG Gruen-Weiss Dresden"]
[BlackTeam "Obuchiw"]
[WhiteFideId "24653861"]
[BlackFideId "14106167"]
[EventDate "2016.06.26"]

1. e4 e6 2. d4 d5 3. Nc3 Nf6 4. exd5 Nxd5 5. Nxd5 Qxd5 6. Nf3 Be7 7. Bd3 b6 8.
Qe2 Bb7 9. O-O O-O 10. Re1 c5 11. c4 Qh5 12. Be4 Nc6 13. d5 exd5 14. Bxd5 Bd6
15. Qe4 1/2-1/2

[Event "World Senior Teams +50"]
[Site "Radebeul GER"]
[Date "2016.06.28"]
[Round "3.9"]
[Board "2"]
[White "Ianov, Viktor"]
[Black "Hutschenreiter, Joerg"]
[Result "1-0"]
[WhiteTitle "IM"]
[WhiteElo "2324"]
[BlackElo "2002"]
[WhiteTeam "Obuchiw"]
[BlackTeam "SG Gruen-Weiss Dresden"]
[WhiteFideId "14102730"]
[BlackFideId "24669172"]
[EventDate "2016.06.26"]

1. Nf3 d5 2. g3 Nf6 3. Bg2 c6 4. d3 Bg4 5. Nbd2 e6 6. h3 Bh5 7. O-O Be7 8. e4
O-O 9. Qe1 Nbd7 10. Nh2 Ne8 11. Nb3 dxe4 12. dxe4 e5 13. Be3 f6 14. Bf3 Bf7 15.
Rd1 Qc7 16. Bg4 Rd8 17. Kg2 b6 18. Qe2 Nd6 19. Nd2 c5 20. Bh5 c4 21. Bxf7+ Rxf7
22. c3 b5 23. h4 Nc5 24. Bxc5 Qxc5 25. h5 Bf8 26. Ng4 Rfd7 27. h6 Ne8 28. hxg7
Bxg7 29. Ne3 Rd3 30. Rh1 Nd6 31. Qh5 h6 32. Qg6 Qc7 33. Ng4 Ne8 34. Rxh6 Kf8 35.
Rdh1 Rxd2 36. Rh8+ Ke7 37. R1h7 Kd6 38. Rxe8 Rxe8 39. Qxe8 Kc5 40. Nxf6 Rd8 1-0

[Event "World Senior Teams +50"]
[Site "Radebeul GER"]
[Date "2016.06.28"]
[Round "3.9"]
[Board "3"]
[White "Salewski, Bernd"]
[Black "Kernazhitsky, Leonid"]
[Result "1/2-1/2"]
[BlackTitle "IM"]
[WhiteElo "2004"]
[BlackElo "2285"]
[WhiteTeam "SG Gruen-Weiss Dresden"]
[BlackTeam "Obuchiw"]
[WhiteFideId "4655087"]
[BlackFideId "14102102"]
[EventDate "2016.06.26"]

1. d4 d5 2. Nc3 Nf6 3. Bg5 Nbd7 4. Qd3 h6 5. Bh4 c6 6. e4 dxe4 7. Nxe4 Nxe4 8.
Qxe4 Qa5+ 9. c3 g5 10. Bg3 f5 11. Qe2 f4 12. Qh5+ Kd8 13. Bxf4 Nf6 14. Qf3 Bg4
15. Qg3 gxf4 16. Qxf4 Qg5 17. Qg3 Bf5 18. Qe5 Be4 19. Nh3 Qxe5 20. dxe5 Nd7 21.
O-O-O Kc7 22. f3 Bh7 23. f4 Bf5 24. Nf2 h5 25. g3 e6 26. Bh3 Bc5 27. Bxf5 exf5
28. Nd3 Rh6 29. Ne1 Nf8 30. Nf3 Ne6 31. Nh4 Rf8 32. b4 Be7 33. Ng2 h4 34. Ne3
Rg6 35. Rdg1 Ng7 36. Kc2 Kd7 37. a3 b5 38. c4 Ke6 39. Kc3 Nh5 40. Nc2 hxg3 41.
hxg3 Nxg3 42. Nd4+ Kd7 43. cxb5 cxb5 44. e6+ Kd6 45. Nxb5+ Kxe6 46. Re1+ Ne4+
47. Kb3 Rg3+ 48. Ka4 Kf7 49. Rh7+ Rg7 50. Rh6 Rg6 51. Rh7+ Ke8 52. Rc1 Nd6 53.
Nc7+ Kd8 54. Nd5 Rf7 55. Rxf7 Nxf7 56. Rc7 Ra6+ 57. Kb5 Rd6 58. Rxe7 Rxd5+ 59.
Kc4 Kxe7 60. Kxd5 Kf6 61. a4 Nd8 62. Kd6 Ne6 63. b5 Nd4 64. Kc7 Ke6 65. Kb7 Kd6
66. Kxa7 Kc5 67. b6 Nc6+ 68. Kb7 Nb4 69. Ka7 Nc6+ 70. Kb7 Nb4 1/2-1/2

[Event "World Senior Teams +50"]
[Site "Radebeul GER"]
[Date "2016.06.28"]
[Round "3.9"]
[Board "4"]
[White "Semenov, Valeri"]
[Black "Smid, Arend"]
[Result "1/2-1/2"]
[WhiteTitle "FM"]
[WhiteElo "2279"]
[BlackElo "1966"]
[WhiteTeam "Obuchiw"]
[BlackTeam "SG Gruen-Weiss Dresden"]
[WhiteFideId "14101319"]
[BlackFideId "4676556"]
[EventDate "2016.06.26"]

1. c4 Nf6 2. Nf3 g6 3. g3 Bg7 4. Bg2 O-O 5. O-O c5 6. Nc3 Nc6 7. e4 d6 8. d3 Bd7
9. h3 Rb8 10. Be3 e5 11. Nh4 Ne8 12. Nd5 Nc7 13. Qd2 Nxd5 14. cxd5 Nd4 15. f4 f5
16. Bxd4 cxd4 17. exf5 gxf5 18. Nf3 Qf6 19. Rfe1 Bh6 20. h4 Rfe8 21. Ng5 Bxg5
22. hxg5 Qg6 23. Kf2 exf4 24. Qxf4 Rxe1 25. Rxe1 Rc8 26. Re2 b6 27. Bf3 Re8 28.
Rxe8+ Bxe8 29. Qxd4 1/2-1/2

[Event "World Senior Teams +50"]
[Site "Radebeul GER"]
[Date "2016.06.28"]
[Round "3.10"]
[Board "3"]
[White "Ernst, Michael"]
[Black "Doppelhammer, Herbert"]
[Result "1/2-1/2"]
[WhiteElo "2134"]
[BlackElo "2040"]
[WhiteTeam "Austria"]
[BlackTeam "Oberoesterreich"]
[WhiteFideId "1618393"]
[BlackFideId "1608738"]
[EventDate "2016.06.26"]

1. d4 Nf6 2. Bf4 d5 3. e3 e6 4. Nd2 c5 5. c3 Nc6 6. Ngf3 Be7 7. h3 O-O 8. Bd3 b6
9. O-O Bb7 10. Qe2 Rc8 11. Rad1 Re8 12. Rfe1 Bd6 13. Ne5 Ne7 14. Bh2 Ng6 15. f4
Qc7 16. Qf3 Re7 17. Re2 a6 18. g4 Nf8 19. Bg3 N6d7 20. g5 b5 21. h4 f5 22. gxf6
gxf6 23. Ng4 f5 24. Ne5 Rg7 25. Rg2 Nf6 26. Kh1 Bxe5 27. fxe5 Ng4 1/2-1/2